Les films avec Robin Williams - Statistiques

Statistiques générales
  • Ce quiz a été pris 34 fois
  • Le résultat moyen est 8 sur 20
Statistiques - réponses
Hint Réponse % Correct
Un professeur de lettre dont le mantra est Carpe Diem Le Cercle des poètes disparus
97%
Un homme coincé dans un jeu Jumanji
87%
Un animateur radio qui émet depuis Saïgon Good Morning Vietnam
77%
Peter Pan Hook
73%
Un psychiatre renommé qui prend en charge un jeune homme surdoué Will Hunting
73%
Un marin qui puise sa force dans les épinards Popeye
67%
Theodore Roosevelt La Nuit au musée
53%
Un médecin excentrique qui apporte du réconfort au malades Docteur Patch
33%
Un écrivain d'Alaska coupable du meurtre d'une adolescente Insomnia
33%
Un enfant dont le corps vieilli quatre fois plus vite que la normale Jack
33%
Un robot baptisé Andrew qui va tenter de devenir humain L'Homme bicentenaire
33%
Un scientifique qui arrive a créer une masse gélatineuse verte Flubber
30%
Un père de famille qui se travesti pour voir ses enfants Madame Doubfire
27%
Un employé dans un magasin de photos obnubilé par une famille Photo Obsession
20%
Un jeune médecin qui travaille sur les maladies neurologiques dégénératives L'Eveil
17%
Le Président Dwight David Eisenhower Le Majordome
13%
Le Dr SaisTout, une intelligence artificielle qui répond à toutes les questions A.I Intelligence artificielle
10%
Un juif qui vit dans un ghetto en Pologne durant la Seconde Guerre mondiale Jakob le menteur
10%
Un saxophoniste russe en voyage à New-York Moscou à New-York
3%
Un homme qui tient une agence de voyage en Alaska et qui monte une arnaque à l'assurance grâce à un cadavre The Big White
0%
Aucun quiz correspondant
Distribution des résultats
% des personnes avec chaque résultat
Percentile par nombre de réponses
Votre historique - résultats
Vous n’avez pas pris ce quiz